Movies Set In Scotland - Statistics

General Stats
  • This quiz has been taken 784 times
  • The average score is 5 of 14
Answer Stats
Hint Answer % Correct
2012 animated movie about a red haired Scottish Princess Brave
100%
1995 historical drama war film directed by and starring Mel Gibson Braveheart
97%
Movies about the story a famous boy wizard ! Harry Potter
87%
1996 British drama film directed by Danny Boyle based on the novel of the same name by Irvine Welsh, who played hapless drug dealer Mikey Forrester, and starring Ewan McGregor Trainspotting
73%
1981 Scottish coming-of-age romantic comedy film written and directed by Bill Forsyth. Gregory's Girl
32%
1995 adventure film directed by Michael Caton-Jones and starring Liam Neeson Rob Roy
32%
1973 British horror-musical film directed by Robin Hardy and written by Anthony Shaffer. the story centres on the visit of Police Sergeant Howie to the isolated island of Summerisle, in search of a missing girl the locals claim never existed. Howie, a devout Christian, is appalled to find that the inhabitants of the island practise a form of Celtic paganism. The Wicker Man
28%
1996 family drama film starring Ted Danson and Joely Richardson Loch Ness
19%
1986 fantasy film directed by Russell Mulcahy and based on a story by Gregory Widen. Highlander
16%
2002 crime drama film directed by Ken Loach. The film tells the story of a teenage boy, Liam, a typical 'ned', who dreams of starting afresh with his mother who is completing a prison term. Sweet Sixteen
12%
2007 American-British family fantasy drama film directed by Jay Russell. It stars Alex Etel as a young boy who discovers a mysterious egg and cares for what hatches out of it The Water Horse
7%
2010 British action film about the war between the Picts & Romans Centurion
6%
2004 British drama film that focuses on a young single mother whose love for her son prompts her to perpetuate a deception designed to protect him from the truth about his father. Starring Gerard Butler Dear Frankie
6%
2008 British-Canadian adventure/comedy film written and directed by Charles Martin Smith and starring Charlie Cox, Billy Boyd, Robert Carlyle, and Kate Mara. Stone of Destiny
5%
No matching quizzes found
Score Distribution
Percent of People with Each Score
Percentile by Number Answered
Your Score History
You have not taken this quiz